[Event "ESP-chT CECLUB Div 1"]
[Site "Linares"]
[Date "2017.08.17"]
[Round "4.4"]
[White "Tejedor Fuente, Enrique"]
[Black "Cuenca Jimenez, Jose Fernando"]
[Result "1-0"]
[WhiteElo "2361"]
[BlackElo "2513"]
[PlyCount "79"]
[EventDate "2017.08.14"]
[EventType "team-tourn"]
[EventRounds "7"]
[EventCountry "ESP"]
[SourceTitle "EXT 2018"]
[Source "ChessBase"]
[SourceDate "2017.10.13"]
[SourceVersion "1"]
[SourceVersionDate "2017.10.13"]
[SourceQuality "1"]
[WhiteTeam "Solvay II"]
[BlackTeam "Virgen de Atocha"]
[WhiteTeamCountry "ESP"]
[BlackTeamCountry "ESP"]

1. e4 e6 2. d4 d5 3. Nd2 c5 4. exd5 Qxd5 5. dxc5 Bxc5 6. Ngf3 Nf6 7. Bd3 O-O 8.
O-O b6 9. Qe2 Nbd7 10. Rd1 Bb7 11. Nf1 Qh5 12. Ng3 Qg4 13. Be3 Bxe3 14. Qxe3
Bxf3 15. gxf3 Qb4 16. b3 Nc5 17. c4 Rad8 18. Bc2 Qa3 19. Rd2 Rxd2 20. Qxd2 a5
21. Kh1 g6 22. Qd4 Ncd7 23. h4 Qc5 24. Qd2 Ne5 25. Kg2 Nc6 26. Qg5 Kg7 27. Be4
Nd4 28. Rd1 h6 29. Qe3 e5 30. h5 Nxh5 31. Nxh5+ gxh5 32. Kh1 Rh8 33. Bd5 Qc7
34. f4 Nf5 35. Qe4 Kf6 36. Bxf7 Qxf7 37. Qxe5+ Kg6 38. Qxh8 h4 39. Rg1+ Kh5 40.
Rg5# 1-0

[Event "ESP-chT CECLUB Div 1"]
[Site "Linares"]
[Date "2017.08.18"]
[Round "5.3"]
[White "Cuenca Jimenez, Jose Fernando"]
[Black "Adla, Diego Gustavo"]
[Result "1/2-1/2"]
[WhiteElo "2513"]
[BlackElo "2394"]
[PlyCount "126"]
[EventDate "2017.08.14"]
[EventType "team-tourn"]
[EventRounds "7"]
[EventCountry "ESP"]
[SourceTitle "EXT 2018"]
[Source "ChessBase"]
[SourceDate "2017.10.13"]
[SourceVersion "1"]
[SourceVersionDate "2017.10.13"]
[SourceQuality "1"]
[WhiteTeam "Virgen de Atocha"]
[BlackTeam "Casablanca Stadium"]
[WhiteTeamCountry "ESP"]
[BlackTeamCountry "ESP"]

1. Nf3 d5 2. d4 c6 3. c4 Nf6 4. e3 e6 5. Bd3 Nbd7 6. b3 b6 7. Nbd2 Bb7 8. O-O
Bd6 9. Bb2 O-O 10. Qe2 Qc7 11. Rac1 Rfe8 12. e4 dxe4 13. Nxe4 Nxe4 14. Qxe4 f5
15. Qh4 c5 16. d5 Nf8 17. g3 h6 18. Rcd1 Rad8 19. Rfe1 exd5 20. cxd5 Rxe1+ 21.
Nxe1 Bxd5 22. Bxf5 Bb7 23. Qg4 Re8 24. Nf3 Re7 25. Bd3 Bd5 26. Bc4 Bxc4 27.
Qxc4+ Re6 28. Qd5 Qf7 29. Kg2 Bc7 30. Rd2 Re7 31. Qxf7+ Kxf7 32. Nh4 Be5 33.
Bxe5 Rxe5 34. f4 Re7 35. Nf3 Kf6 36. Ne5 g5 37. Ng4+ Kg6 38. Rd6+ Ne6 39. Nxh6
gxf4 40. gxf4 Kxh6 41. f5 Kg5 42. fxe6 Kf5 43. Kf3 Ke5 44. Rd1 b5 45. Re1+ Kf5
46. Re4 c4 47. bxc4 bxc4 48. Rf4+ Kg6 49. Rxc4 Rxe6 50. a4 Ra6 51. Kg4 Ra5 52.
h4 Kh6 53. Kf3 Kh5 54. Ke3 Rd5 55. Ke4 Rd1 56. Ke5 a5 57. Rd4 Rb1 58. Kd5 Rb2
59. Kc6 Rb1 60. Rd5+ Kxh4 61. Rxa5 Re1 62. Ra8 Kg5 63. Kb5 Kf6 1/2-1/2

[Event "ESP-chT CECLUB Div 1"]
[Site "Linares"]
[Date "2017.08.19"]
[Round "6.3"]
[White "Hansen, Eric"]
[Black "Cuenca Jimenez, Jose Fernando"]
[Result "1-0"]
[WhiteElo "2614"]
[BlackElo "2513"]
[PlyCount "71"]
[EventDate "2017.08.14"]
[EventType "team-tourn"]
[EventRounds "7"]
[EventCountry "ESP"]
[SourceTitle "EXT 2018"]
[Source "ChessBase"]
[SourceDate "2017.10.13"]
[SourceVersion "1"]
[SourceVersionDate "2017.10.13"]
[SourceQuality "1"]
[WhiteTeam "Real Oviedo"]
[BlackTeam "Virgen de Atocha"]
[WhiteTeamCountry "ESP"]
[BlackTeamCountry "ESP"]

1. e4 e6 2. d4 d5 3. Nc3 Bb4 4. e5 c5 5. a3 Bxc3+ 6. bxc3 Ne7 7. h4 Qc7 8. Nf3
b6 9. Bb5+ Bd7 10. Bd3 Bc8 11. h5 h6 12. a4 Ba6 13. Bb5+ Bxb5 14. axb5 a6 15.
O-O Ra7 16. bxa6 Rxa6 17. Rxa6 Nxa6 18. Nh4 O-O 19. Qg4 Kh7 20. f4 f5 21. exf6
Rxf6 22. Qe2 Nb8 23. f5 Nbc6 24. Bf4 Qd7 25. Be5 Rf7 26. f6 gxf6 27. Rxf6 Rxf6
28. Bxf6 Nf5 29. Nxf5 exf5 30. dxc5 bxc5 31. Qa6 Nb8 32. Qb6 Qe8 33. Qxc5 Nd7
34. Qc7 Kg8 35. Qg3+ Kf7 36. Qg6+ 1-0

[Event "ESP-chT CECLUB Div 1"]
[Site "Linares"]
[Date "2017.08.20"]
[Round "7.3"]
[White "Cuenca Jimenez, Jose Fernando"]
[Black "Vazquez Igarza, Renier"]
[Result "0-1"]
[WhiteElo "2513"]
[BlackElo "2574"]
[PlyCount "116"]
[EventDate "2017.08.14"]
[EventType "team-tourn"]
[EventRounds "7"]
[EventCountry "ESP"]
[SourceTitle "EXT 2018"]
[Source "ChessBase"]
[SourceDate "2017.10.13"]
[SourceVersion "1"]
[SourceVersionDate "2017.10.13"]
[SourceQuality "1"]
[WhiteTeam "Virgen de Atocha"]
[BlackTeam "Collado Villalba"]
[WhiteTeamCountry "ESP"]
[BlackTeamCountry "ESP"]

1. e4 c5 2. Nf3 e6 3. d4 cxd4 4. Nxd4 Nc6 5. Nc3 Qc7 6. Be3 a6 7. Bd3 Nf6 8.
O-O Nxd4 9. Bxd4 Bc5 10. Be2 d6 11. Bxf6 gxf6 12. Qd2 Bd7 13. Rad1 h5 14. Qf4
Ke7 15. Qh4 Bc6 16. a3 Rag8 17. b4 Ba7 18. a4 a5 19. b5 Be8 20. Rd3 Rg5 21. e5
dxe5 22. Ne4 Rf5 23. Rc3 Qb8 24. Qg3 Kf8 25. Rc4 Rf4 26. Qa3+ Kg7 27. g3 Rxe4
28. Rxe4 f5 29. Rc4 Qd8 30. Rd1 Qb6 31. Qe3 Qxe3 32. fxe3 h4 33. Kg2 hxg3 34.
hxg3 Bxe3 35. Rc7 b6 36. c4 f4 37. Bf3 fxg3 38. Rh1 Rf8 39. Be4 Kf6 40. Kxg3
Kg5 41. Kf3 Bd4 42. Bc6 f5 43. Ke2 Bh5+ 44. Kd3 Rd8 45. Rd7 Rxd7 46. Bxd7 Bc5
47. Bxe6 e4+ 48. Kd2 Bf3 49. Rf1 Kf4 50. Bd5 Kg3 51. Kc3 f4 52. Kd2 Kg2 53. Rb1
e3+ 54. Kd3 Bxd5 55. cxd5 f3 56. Rc1 e2 57. Rb1 Kf2 58. Rb2 Kf1 0-1

[Event "2nd Caissa Guatemala Open"]
[Site "Guatemala City GUA"]
[Date "2020.01.08"]
[Round "1.7"]
[White "Cuenca Jimenez, J."]
[Black "Barreno Anleu, H."]
[Result "1-0"]
[WhiteElo "2538"]
[BlackElo "1992"]
[PlyCount "59"]
[EventDate "2020.01.08"]
[EventType "swiss"]
[EventRounds "9"]
[EventCountry "GUA"]
[SourceTitle "The Week in Chess 1314"]
[Source "Mark Crowther"]
[SourceDate "2020.01.13"]
[SourceVersion "1"]
[SourceVersionDate "2020.01.13"]
[SourceQuality "2"]

1. d4 c6 2. c4 d6 3. Nc3 Qc7 4. e4 e5 5. Nf3 Bg4 6. Be2 Nf6 7. Be3 Nbd7 8. O-O
Be7 9. d5 a5 10. Nd2 Bxe2 11. Qxe2 O-O 12. Rac1 Rfd8 13. b3 Nc5 14. g3 Qd7 15.
f4 Ng4 16. Bxc5 dxc5 17. Nf3 exf4 18. gxf4 Nh6 19. Kh1 Kh8 20. Rcd1 Qh3 21. Rg1
Qh5 22. Rg3 f6 23. Qg2 Bf8 24. e5 fxe5 25. fxe5 Nf5 26. Rg5 Qf7 27. e6 Qf6 28.
Ne4 Ne3 29. Nxf6 Nxg2 30. Ne5 1-0

[Event "2nd Caissa Guatemala Open"]
[Site "Guatemala City GUA"]
[Date "2020.01.08"]
[Round "2.7"]
[White "Araujo Sanchez, Josue"]
[Black "Cuenca Jimenez, J."]
[Result "0-1"]
[WhiteElo "2301"]
[BlackElo "2538"]
[PlyCount "82"]
[EventDate "2020.01.08"]
[EventType "swiss"]
[EventRounds "9"]
[EventCountry "GUA"]
[SourceTitle "The Week in Chess 1314"]
[Source "Mark Crowther"]
[SourceDate "2020.01.13"]
[SourceVersion "1"]
[SourceVersionDate "2020.01.13"]
[SourceQuality "2"]

1. Nf3 d5 2. c4 e6 3. g3 Nf6 4. Bg2 Be7 5. O-O O-O 6. b3 d4 7. Bb2 c5 8. b4 Nc6
9. b5 Na5 10. d3 Bd6 11. e3 e5 12. exd4 exd4 13. Nbd2 h6 14. Qc2 Be6 15. Rfe1
Qc7 16. Nh4 g5 17. Nhf3 Bf5 18. Nb3 a6 19. h4 Nxb3 20. Qxb3 g4 21. Nd2 a5 22.
a4 Rae8 23. Nf1 Nd7 24. Rad1 Rxe1 25. Rxe1 Ne5 26. Rd1 Nf3+ 27. Bxf3 gxf3 28.
Re1 Qd7 29. Qd1 Bg4 30. Qd2 Bh5 31. Kh2 Qg4 32. Re4 Qg6 33. Qe1 f5 34. Re6 Rf6
35. Rxf6 Qxf6 36. Kg1 b6 37. Bc1 Qg6 38. Nd2 Kf7 39. Nf1 f4 40. Qe4 Qxe4 41.
dxe4 Bg6 0-1

[Event "2nd Caissa Guatemala Open"]
[Site "Guatemala City GUA"]
[Date "2020.01.09"]
[Round "3.3"]
[White "Cuenca Jimenez, J."]
[Black "Romero Holmes, A."]
[Result "1-0"]
[WhiteElo "2538"]
[BlackElo "2415"]
[PlyCount "79"]
[EventDate "2020.01.08"]
[EventType "swiss"]
[EventRounds "9"]
[EventCountry "GUA"]
[SourceTitle "The Week in Chess 1314"]
[Source "Mark Crowther"]
[SourceDate "2020.01.13"]
[SourceVersion "1"]
[SourceVersionDate "2020.01.13"]
[SourceQuality "2"]

1. e4 c5 2. Nf3 d6 3. Bb5+ Bd7 4. Bxd7+ Qxd7 5. c4 Nc6 6. Nc3 g6 7. d4 cxd4 8.
Nxd4 Bg7 9. Be3 Nf6 10. f3 O-O 11. O-O Rfc8 12. Nde2 Qd8 13. Qd2 Qa5 14. b3 a6
15. a4 Nd7 16. Rab1 Qd8 17. Rfd1 a5 18. Nd5 Ra6 19. Bg5 Qf8 20. Kh1 h6 21. Bh4
Nc5 22. Qe3 Nd7 23. f4 e6 24. Ndc3 Nf6 25. Nb5 Nb4 26. Nec3 Ne8 27. Rd2 Bf6 28.
Bxf6 Nxf6 29. e5 dxe5 30. fxe5 Ng4 31. Qe4 h5 32. h3 Nh6 33. Qxb7 Nf5 34. Rbd1
h4 35. Ne4 Kg7 36. Ned6 Rb8 37. Qd7 Ng3+ 38. Kh2 Nc6 39. Nc7 Nxe5 40. Nxe6+ 1-0

[Event "2nd Caissa Guatemala Open"]
[Site "Guatemala City GUA"]
[Date "2020.01.09"]
[Round "4.2"]
[White "Zaragatski, I."]
[Black "Cuenca Jimenez, J."]
[Result "1-0"]
[WhiteElo "2507"]
[BlackElo "2538"]
[PlyCount "114"]
[EventDate "2020.01.08"]
[EventType "swiss"]
[EventRounds "9"]
[EventCountry "GUA"]
[SourceTitle "The Week in Chess 1314"]
[Source "Mark Crowther"]
[SourceDate "2020.01.13"]
[SourceVersion "1"]
[SourceVersionDate "2020.01.13"]
[SourceQuality "2"]

1. Nf3 d5 2. g3 Nf6 3. Bg2 e6 4. O-O Be7 5. b3 O-O 6. c4 d4 7. e3 c5 8. Ne5 Bd6
9. exd4 cxd4 10. f4 Nfd7 11. Nxd7 Nxd7 12. d3 e5 13. f5 Rb8 14. Nd2 b6 15. Ne4
Be7 16. a3 Bb7 17. Ra2 Nf6 18. Nxf6+ Bxf6 19. Bxb7 Rxb7 20. Qf3 Rc7 21. b4 Bg5
22. Bxg5 Qxg5 23. Re2 Qf6 24. g4 Qd6 25. f6 Re8 26. fxg7 Re6 27. Qa8+ Kxg7 28.
Rf5 Rce7 29. Qe4 h6 30. h4 a5 31. g5 axb4 32. axb4 Qxb4 33. gxh6+ Rxh6 34. Rg2+
Kf8 35. Qa8+ Re8 36. Rg8+ Kxg8 37. Qxe8+ Qf8 38. Rg5+ Rg6 39. Rxg6+ fxg6 40.
Qxg6+ Kh8 41. Qh5+ Kg8 42. Qg5+ Kh7 43. Qxe5 Qd8 44. Qh5+ Kg7 45. Qg5+ Qxg5+
46. hxg5 Kg6 47. Kg2 Kxg5 48. Kg3 Kf5 49. Kf3 Ke5 50. Kg4 Kd6 51. Kf5 Kc6 52.
Ke5 Kc5 53. Ke4 Kc6 54. Kxd4 Kd6 55. Kc3 b5 56. cxb5 Kc5 57. b6 Kd5 1-0

[Event "2nd Caissa Guatemala Open"]
[Site "Guatemala City GUA"]
[Date "2020.01.10"]
[Round "5.5"]
[White "Cuenca Jimenez, J."]
[Black "Hernandez Moya, Y."]
[Result "1-0"]
[WhiteElo "2538"]
[BlackElo "2208"]
[PlyCount "99"]
[EventDate "2020.01.08"]
[EventType "swiss"]
[EventRounds "9"]
[EventCountry "GUA"]
[SourceTitle "The Week in Chess 1314"]
[Source "Mark Crowther"]
[SourceDate "2020.01.13"]
[SourceVersion "1"]
[SourceVersionDate "2020.01.13"]
[SourceQuality "2"]

1. d4 Nf6 2. c4 e6 3. Nf3 b6 4. g3 Bb7 5. Bg2 Be7 6. O-O O-O 7. Nc3 d5 8. Ne5
Nbd7 9. Qa4 c5 10. Nxd7 Qxd7 11. Qxd7 Nxd7 12. dxc5 Bxc5 13. cxd5 exd5 14. Nxd5
Bxd5 15. Bxd5 Rac8 16. Bf4 Nf6 17. Rad1 Nxd5 18. Rxd5 Rfe8 19. e3 f6 20. h4
Rcd8 21. Rfd1 Rxd5 22. Rxd5 Kf7 23. Kf1 Ke6 24. e4 Rc8 25. Ke2 Be7 26. Kd3 a6
27. Be3 b5 28. f4 Bd6 29. g4 Rc4 30. b3 Rc8 31. g5 Bb4 32. Bd2 Bd6 33. h5 Be7
34. f5+ Kf7 35. g6+ hxg6 36. hxg6+ Ke8 37. Bc3 Rc6 38. e5 fxe5 39. Bxe5 Bf6 40.
Rd6 Rxd6+ 41. Bxd6 Kd7 42. Bb4 Bb2 43. Bc3 Bxc3 44. Kxc3 Ke7 45. Kd4 Kf6 46.
Ke4 a5 47. Kf4 b4 48. Ke4 Ke7 49. Ke5 Ke8 50. Ke4 1-0

[Event "2nd Caissa Guatemala Open"]
[Site "Guatemala City GUA"]
[Date "2020.01.10"]
[Round "6.3"]
[White "Juarez Flores, C."]
[Black "Cuenca Jimenez, J."]
[Result "1-0"]
[WhiteElo "2374"]
[BlackElo "2538"]
[PlyCount "169"]
[EventDate "2020.01.08"]
[EventType "swiss"]
[EventRounds "9"]
[EventCountry "GUA"]
[SourceTitle "The Week in Chess 1314"]
[Source "Mark Crowther"]
[SourceDate "2020.01.13"]
[SourceVersion "1"]
[SourceVersionDate "2020.01.13"]
[SourceQuality "2"]

1. e4 e5 2. Nf3 Nc6 3. Nc3 Nf6 4. Bb5 Bd6 5. O-O O-O 6. a3 Re8 7. d3 Bf8 8. Bc4
h6 9. h3 d6 10. Re1 Be6 11. Bxe6 Rxe6 12. d4 exd4 13. Nxd4 Nxd4 14. Qxd4 g6 15.
Bf4 Bg7 16. Qb4 Qc8 17. Rad1 Nd7 18. a4 a5 19. Qa3 Nb6 20. Qb3 Bxc3 21. Qxc3 g5
22. Bc1 Nxa4 23. Qg3 Nc5 24. e5 dxe5 25. Rxe5 Ne4 26. Qh2 Nd6 27. Rde1 Rxe5 28.
Qxe5 Qf5 29. Qc3 Re8 30. Rxe8+ Nxe8 31. h4 Qd5 32. Bd2 gxh4 33. Qxa5 Qe4 34.
Bxh6 f6 35. Qc5 Kh7 36. Be3 Kg6 37. Qc3 b6 38. f3 Qd5 39. Bf2 Qd1+ 40. Kh2 Qd6+
41. Kh3 Qd7+ 42. Kxh4 Qh7+ 43. Kg3 Nd6 44. Be1 Nf5+ 45. Kf2 Qh4+ 46. Ke2 Qh2
47. Kf2 Nh4 48. Qd3+ f5 49. Qf1 c5 50. Bc3 b5 51. b4 cxb4 52. Bxb4 Kf7 53. c3
f4 54. Ba5 Kg8 55. Bd8 Nf5 56. Qxb5 Qg3+ 57. Kg1 Qe1+ 58. Kh2 Qe6 59. Bg5 Ne3
60. Bxf4 Nd5 61. Qb8+ Kf7 62. Qe5 Qc6 63. Qf5+ Kg8 64. c4 Ne7 65. Qg5+ Kf7 66.
Qh5+ Kg8 67. Be5 Ng6 68. c5 Qe6 69. Bd6 Kg7 70. Qg4 Qe8 71. f4 Qe4 72. Qg5 Kf7
73. f5 Nh4 74. f6 Nf5 75. Be7 Qe5+ 76. Kh3 Qe4 77. Bd6 Qd3+ 78. Kh2 Qe4 79. Bf4
Ke6 80. Qg8+ Kd7 81. Bg3 Ne3 82. Bb8 Ng4+ 83. Kg3 Nxf6 84. Qf7+ Qe7 85. c6+ 1-0

[Event "2nd Caissa Guatemala Open"]
[Site "Guatemala City GUA"]
[Date "2020.01.11"]
[Round "7.7"]
[White "Cu Hor, W."]
[Black "Cuenca Jimenez, J."]
[Result "1/2-1/2"]
[WhiteElo "2301"]
[BlackElo "2538"]
[PlyCount "94"]
[EventDate "2020.01.08"]
[EventType "swiss"]
[EventRounds "9"]
[EventCountry "GUA"]
[SourceTitle "The Week in Chess 1314"]
[Source "Mark Crowther"]
[SourceDate "2020.01.13"]
[SourceVersion "1"]
[SourceVersionDate "2020.01.13"]
[SourceQuality "2"]

1. Nf3 d5 2. c4 e6 3. g3 Nf6 4. Bg2 Be7 5. O-O O-O 6. b3 d4 7. e3 c5 8. exd4
cxd4 9. Re1 Nc6 10. d3 Nd7 11. Ba3 Re8 12. Bxe7 Rxe7 13. a3 a5 14. Ra2 Rb8 15.
Rae2 Nc5 16. Rb2 b5 17. Ng5 Qd6 18. cxb5 Rxb5 19. Qh5 h6 20. Ne4 Qe5 21. Qxe5
Nxe5 22. Nd6 Nexd3 23. Nxb5 Nxb2 24. Nxd4 Rd7 25. Nc6 Nxb3 26. Nc3 Nd3 27. Rb1
Ndc5 28. h3 Bb7 29. Na4 Bxc6 30. Nxc5 Nxc5 31. Bxc6 Rc7 32. Bf3 Nd7 33. a4 g5
34. Rb5 Rc5 35. Rb7 Nf6 36. Ra7 Nd5 37. Kg2 Nb6 38. Bh5 Rf5 39. Bg4 Re5 40. Bh5
f5 41. Be8 Nc4 42. Bb5 Nd6 43. Rxa5 Nxb5 44. Rxb5 Re4 45. a5 Ra4 46. Rb6 Rxa5
47. Rxe6 Kg7 1/2-1/2

[Event "2nd Caissa Guatemala Open"]
[Site "Guatemala City GUA"]
[Date "2020.01.12"]
[Round "9.7"]
[White "Rafiee, M."]
[Black "Cuenca Jimenez, J."]
[Result "1/2-1/2"]
[WhiteElo "2322"]
[BlackElo "2538"]
[PlyCount "93"]
[EventDate "2020.01.08"]
[EventType "swiss"]
[EventRounds "9"]
[EventCountry "GUA"]
[SourceTitle "The Week in Chess 1314"]
[Source "Mark Crowther"]
[SourceDate "2020.01.13"]
[SourceVersion "1"]
[SourceVersionDate "2020.01.13"]
[SourceQuality "2"]

1. e4 e5 2. Nf3 Nc6 3. Bb5 a6 4. Ba4 Nf6 5. O-O Nxe4 6. d4 b5 7. Bb3 d5 8. dxe5
Be6 9. Nbd2 Be7 10. c3 O-O 11. Bc2 f5 12. Nb3 Qd7 13. Nbd4 Nxd4 14. Nxd4 c5 15.
Nxe6 Qxe6 16. f3 Ng5 17. a4 Rad8 18. axb5 axb5 19. Qe2 Qb6 20. Bxg5 Bxg5 21. f4
Be7 22. g4 c4+ 23. Kh1 fxg4 24. Qxg4 d4 25. Be4 dxc3 26. bxc3 Rd2 27. Rf3 Qh6
28. Rh3 Rxf4 29. Bxh7+ Kf8 30. Ra8+ Bd8 31. Rxh6 Rf1+ 32. Qg1 Rxg1+ 33. Kxg1
gxh6 34. Rb8 Ke7 35. Rxb5 Ra2 36. Bg8 Ra7 37. Kf2 Ba5 38. Bxc4 Bxc3 39. Ke3 Ba5
40. Ke4 Bc7 41. Rc5 Bb8 42. Rc8 Bc7 43. Rh8 Ra4 44. Rh7+ Kd8 45. Rh8+ Ke7 46.
Rh7+ Kd8 47. Rh8+ 1/2-1/2

[Event "Chess24 Banter Blitz Cup"]
[Site "chess24.com INT"]
[Date "2019.12.15"]
[Round "2.1"]
[White "Carlsen, M."]
[Black "Cuenca Jimenez, J."]
[Result "1-0"]
[WhiteElo "2876"]
[BlackElo "2523"]
[PlyCount "53"]
[EventDate "2019.09.25"]
[EventType "k.o. (blitz)"]
[EventRounds "7"]
[SourceTitle "The Week in Chess 1310"]
[Source "Mark Crowther"]
[SourceDate "2019.12.16"]
[SourceVersion "1"]
[SourceVersionDate "2019.12.16"]
[SourceQuality "2"]

1. d4 Nf6 2. Bg5 d5 3. Nd2 e6 4. e3 Be7 5. c3 O-O 6. Bd3 b6 7. f4 Bb7 8. Bxf6
Bxf6 9. Ngf3 c5 10. h4 h6 11. g4 Be7 12. g5 h5 13. g6 fxg6 14. Bxg6 Nd7 15. Ng5
Nf6 16. Bxh5 Qd6 17. Bg6 Bc6 18. h5 Be8 19. Qb1 cxd4 20. cxd4 Rc8 21. h6 Rc1+
22. Qxc1 Bxg6 23. hxg7 Kxg7 24. Ndf3 Qb4+ 25. Kf2 Ng4+ 26. Kg3 Nh6 27. Nxe6+
1-0

[Event "Chess24 Banter Blitz Cup"]
[Site "chess24.com INT"]
[Date "2019.12.15"]
[Round "2.2"]
[White "Cuenca Jimenez, J."]
[Black "Carlsen, M."]
[Result "0-1"]
[WhiteElo "2523"]
[BlackElo "2876"]
[PlyCount "102"]
[EventDate "2019.09.25"]
[EventType "k.o. (blitz)"]
[EventRounds "7"]
[SourceTitle "The Week in Chess 1310"]
[Source "Mark Crowther"]
[SourceDate "2019.12.16"]
[SourceVersion "1"]
[SourceVersionDate "2019.12.16"]
[SourceQuality "2"]

1. e4 c6 2. c4 g6 3. Nc3 Bg7 4. d4 d6 5. Nf3 Nf6 6. Be2 O-O 7. O-O Na6 8. Be3
e5 9. Re1 exd4 10. Bxd4 Re8 11. Bf1 Bg4 12. h3 Bxf3 13. Qxf3 Re6 14. Rad1 Qe7
15. Bd3 Nc5 16. Bb1 a5 17. b3 Re8 18. Qg3 Nfxe4 19. Nxe4 Bxd4 20. Rxd4 f5 21.
Red1 fxe4 22. Rxd6 Rxd6 23. Qxd6 Qxd6 24. Rxd6 e3 25. Kf1 exf2 26. Kxf2 Kg7 27.
Rd2 Kf6 28. Bc2 Re6 29. a3 Ke5 30. b4 axb4 31. axb4 Na6 32. b5 Nc5 33. Ke3 Kf6+
34. Kd4 Rd6+ 35. Kc3 Rxd2 36. Kxd2 cxb5 37. cxb5 b6 38. Kc3 Ke5 39. Kc4 Nb7 40.
h4 Nd6+ 41. Kb4 Kd4 42. h5 gxh5 43. Bxh7 h4 44. Bg6 Nc4 45. Bf7 Ne3 46. Be8
Nxg2 47. Bd7 Nf4 48. Kb3 h3 49. Bc6 h2 50. Kc2 Nd5 51. Bxd5 Kxd5 0-1

[Event "Chess24 Banter Blitz Cup"]
[Site "chess24.com INT"]
[Date "2019.12.15"]
[Round "2.3"]
[White "Carlsen, M."]
[Black "Cuenca Jimenez, J."]
[Result "1-0"]
[WhiteElo "2876"]
[BlackElo "2523"]
[PlyCount "97"]
[EventDate "2019.09.25"]
[EventType "k.o. (blitz)"]
[EventRounds "7"]
[SourceTitle "The Week in Chess 1310"]
[Source "Mark Crowther"]
[SourceDate "2019.12.16"]
[SourceVersion "1"]
[SourceVersionDate "2019.12.16"]
[SourceQuality "2"]

1. e4 d6 2. d4 Nf6 3. Nc3 e5 4. Nf3 Nbd7 5. Bc4 Be7 6. O-O O-O 7. a4 c6 8. Re1
b6 9. b3 Bb7 10. Bb2 a6 11. Bd3 Re8 12. Ne2 Bf8 13. Ng3 g6 14. Qd2 Qc7 15. h4
b5 16. h5 Rad8 17. Qg5 Bg7 18. axb5 axb5 19. Rad1 Bc8 20. Bf1 h6 21. Qc1 Ng4
22. hxg6 fxg6 23. c4 bxc4 24. Bxc4+ Kh7 25. Bd5 Nb8 26. dxe5 dxe5 27. Bc4 Rxd1
28. Rxd1 Rd8 29. Bc3 Qb6 30. Be1 Qc7 31. Nh2 Nxh2 32. Kxh2 Nd7 33. Qd2 Rf8 34.
Qd6 Qxd6 35. Rxd6 Rf6 36. Rd3 Bf8 37. f3 Rd6 38. Rc3 Nb6 39. Be2 Be6 40. Bf2
Nc8 41. Bc4 Bxc4 42. Rxc4 Be7 43. Nf1 Re6 44. Ne3 Kg7 45. b4 Rf6 46. b5 Na7 47.
Ng4 cxb5 48. Rc7 Rd6 49. Rxe7+ 1-0

[Event "Chess24 Banter Blitz Cup"]
[Site "chess24.com INT"]
[Date "2019.12.15"]
[Round "2.4"]
[White "Cuenca Jimenez, J."]
[Black "Carlsen, M."]
[Result "0-1"]
[WhiteElo "2523"]
[BlackElo "2876"]
[PlyCount "58"]
[EventDate "2019.09.25"]
[EventType "k.o. (blitz)"]
[EventRounds "7"]
[SourceTitle "The Week in Chess 1310"]
[Source "Mark Crowther"]
[SourceDate "2019.12.16"]
[SourceVersion "1"]
[SourceVersionDate "2019.12.16"]
[SourceQuality "2"]

1. e4 d5 2. exd5 Qxd5 3. Nc3 Qd6 4. d4 Nf6 5. Nf3 c6 6. Ne5 Nbd7 7. f4 g6 8. g4
e6 9. Bg2 Bg7 10. O-O Qe7 11. a4 O-O 12. b3 Qb4 13. Qd3 Nxe5 14. fxe5 Nxg4 15.
Ba3 Qb6 16. Bc5 Nxe5 17. Qe3 Ng4 18. Qd2 Qc7 19. Bf3 Bh6 20. Qe2 Ne3 21. Bxf8
Kxf8 22. Rf2 Nf5 23. Be4 Be3 24. Bxf5 Bxf2+ 25. Qxf2 exf5 26. d5 Qe5 27. Qf3
cxd5 28. Rd1 Be6 29. Ne2 Qe4 0-1

[Event "Chess24 Banter Blitz Cup"]
[Site "chess24.com INT"]
[Date "2019.12.15"]
[Round "2.5"]
[White "Carlsen, M."]
[Black "Cuenca Jimenez, J."]
[Result "1-0"]
[WhiteElo "2876"]
[BlackElo "2523"]
[PlyCount "83"]
[EventDate "2019.09.25"]
[EventType "k.o. (blitz)"]
[EventRounds "7"]
[SourceTitle "The Week in Chess 1310"]
[Source "Mark Crowther"]
[SourceDate "2019.12.16"]
[SourceVersion "1"]
[SourceVersionDate "2019.12.16"]
[SourceQuality "2"]

1. d4 d5 2. c4 e6 3. Nc3 Nf6 4. cxd5 exd5 5. Bg5 Be7 6. e3 c6 7. Bd3 Nbd7 8.
Nge2 Nf8 9. O-O Ne6 10. Bh4 O-O 11. Qc2 g6 12. f3 b6 13. Rad1 Bb7 14. Kh1 Rc8
15. Qd2 Nh5 16. Bxe7 Qxe7 17. e4 Nhg7 18. e5 f5 19. f4 c5 20. Nb5 c4 21. Bc2
Ne8 22. Nxa7 Ra8 23. Nb5 Rxa2 24. Rb1 Ra5 25. Nbc3 Qb4 26. Qe3 b5 27. b3 Qe7
28. b4 Ra3 29. Qc1 Rxc3 30. Nxc3 Nxd4 31. Rd1 Nxc2 32. Qxc2 Nc7 33. Qf2 Rd8 34.
h3 Ne6 35. Nxb5 Ba6 36. Nd6 d4 37. Rxd4 Nxd4 38. Qxd4 Qe6 39. b5 Bc8 40. Qc5
Bd7 41. b6 g5 42. b7 1-0

[Event "Chess24 Banter Blitz Cup"]
[Site "chess24.com INT"]
[Date "2019.12.15"]
[Round "2.6"]
[White "Cuenca Jimenez, J."]
[Black "Carlsen, M."]
[Result "0-1"]
[WhiteElo "2523"]
[BlackElo "2876"]
[PlyCount "104"]
[EventDate "2019.09.25"]
[EventType "k.o. (blitz)"]
[EventRounds "7"]
[SourceTitle "The Week in Chess 1310"]
[Source "Mark Crowther"]
[SourceDate "2019.12.16"]
[SourceVersion "1"]
[SourceVersionDate "2019.12.16"]
[SourceQuality "2"]

1. e4 g6 2. d4 Bg7 3. Nc3 d6 4. Nf3 Nf6 5. h3 a6 6. a4 O-O 7. Be3 Nc6 8. d5 Nb4
9. Be2 e6 10. dxe6 Bxe6 11. O-O Re8 12. a5 Bd7 13. Nd2 Bc6 14. Bf3 Nd7 15. Re1
Nc5 16. Bf4 Qf6 17. Bg3 h5 18. Rb1 Re7 19. h4 Rae8 20. Re2 Ne6 21. Nd5 Bxd5 22.
exd5 Nc5 23. Rxe7 Rxe7 24. c3 Nbd3 25. Qc2 Ne1 26. Qd1 Ncd3 27. Ne4 Qf5 28. Ng5
Bf6 29. Qd2 Nxf3+ 30. Nxf3 Nxf2 31. Rf1 Ne4 32. Qe1 Nxc3 33. Qf2 Ne2+ 34. Kh2
Qxd5 35. Re1 Nxg3 36. Rxe7 Bxe7 37. Qxg3 Bf6 38. Kh1 Qd1+ 39. Kh2 Bxb2 40. Qf2
Qd5 41. Qxb2 Qxa5 42. Qf6 Qf5 43. Qd8+ Kg7 44. Qxc7 Qf4+ 45. Kh1 b5 46. Qd7 b4
47. Ng5 Qxh4+ 48. Kg1 Qxg5 49. Qxd6 Qc1+ 50. Qd1 Qxd1+ 51. Kh2 Qd6+ 52. Kh3 b3
0-1